000 00711nam a22002057a 4500
003 OSt
005 20251129101054.0
008 251129b |||||||| |||| 00| 0 eng d
020 _a971-8966-58-7DWC-Main lib
040 _aDWC-Main Lib
_cOC
082 _22006 edition
_aFil. 657.046 G934a 2005
100 _aGuerrero, P.
245 _aAdvanced accounting :
_b a procedural approach volume 2
_cGuerrero, Pedro p.
250 _a2006 edition
260 _aManila :
_bGIC Enterprises & Co., Inc.,
_c c2005.
300 _aix, 458 pages :
_c23 cm
650 _2Accounting.
700 _aPeralta, Jose F.
942 _2ddc
_cBK - FIL
_e2006 edition
_hFil. 657.046 G934a 2005
_kFil.
_n0
999 _c6596
_d6596